Genshin Impact ~ Finish the Phrases - Statistics

General Stats
  • This quiz has been taken 281 times
  • The average score is 42 of 166
Answer Stats
Hint Answer % Correct
Teamwork is _____! Dreamwork
76%
Eye for an _____! Eye
75%
Let's _____ it up! | Speed of _____! Light
73%
Order guide _____. You
72%
Glory to the _____! Shogun
66%
I will have _____! Order
62%
_____ shines eternal! Inazuma
60%
Let the _____ begin! Show
60%
You can run, but _____ _____ _____! You Can't Hide
59%
There is no _____! Escape
53%
Don't _____ my time. Waste
53%
Bow your _____. Head
52%
_____, guide us. Barbatos
50%
Can't _____ me~! Catch
50%
Break a _____! Leg
49%
Boing, boing, _____! | Boom _____! Boom
48%
Written in the _____! Stars
47%
Surrender and I'll _____ _____. Be gentle
46%
I _____ everything! Hear
46%
_____ goes on. Life
46%
Shower me with _____! Praise
46%
You can't _____! Run
43%
Cry _____! Louder
42%
Born of _____ and frost. Ice
41%
______ will prevail! Justice
41%
Let's get this show _____ _____ _____! On The Road
41%
Steady as _____. Stone
41%
Let the mighty be _____. Humbled
40%
Midnight _____! Phantasmagoria
40%
_____, _____, pants on fire! Pyre Pyre
40%
_____ to go! Time
40%
Go as _____! One
37%
Know my _____! | With _____ comes shadow! Sword
37%
A touch of _____! Frost
36%
You dare to _____ _____ _____!? Gaze Upon Me
36%
No one _____ my sights! Escapes
35%
_____ on me! Eyes
35%
This one's got your _____ _____ _____! Name On It
35%
Go go _____ _____! Baron Bunny
34%
You had your _____! Chance
34%
Let my name _____ _____ _____! Echo In Song
34%
Orders given. _____ _____. Orders Received
34%
For _____ _____! Rex Lapis
34%
Things are about to get _____. Dicey
33%
Shred 'til I'm _____! Dead
32%
As a _____ _____ would. Dutiful Maid
32%
_____, reveal thyself! Oz
32%
Your _____ finale! Grand
31%
Your life _____ _____. Is Mine
31%
Right _____. Now
31%
_____ at me! Come
30%
Evil _____! Conquering
29%
I see _____. Everything
29%
Think you can _____ _____? Get Away
29%
You've been a _____ _____! Naughty Boy
29%
Whirling _____. Snow
29%
I got you _____. Covered
28%
A process of _____. Elimination
28%
Just like we _____! Rehearsed
28%
Covenant of _____ _____! The Deep
28%
Don't get too _____! Close
27%
_____ as the moon. Everlasting
27%
_____ in! Fall
27%
Anemo Test _____! 6308
26%
_____ to the core! Freeze
26%
_____, get them! Guoba
26%
______ you are. Here
26%
Say _____! Cheese
25%
_____ _____... adorn my night. Fallen Leaves
25%
Kamisato art: _____! Suiyuu
25%
I'm always _____. Watching
25%
Power that ended _____! Haishan
24%
The _____is cold. Night
24%
Drop your _____! Weapons
24%
Feel the _____! Beat
23%
Don't get _____. Frostbite
23%
Witness the power of _____! Guhua
23%
_____... Purifies! Lightning
23%
Our bond is _____! Strong
23%
_____ my rise. Witness
23%
_____ yourselves! Brace
22%
I am the _____ ______ of fashion. Cutting Edge
22%
Time for - _____! Retribution
22%
Kamisato art: _____! Soumetsu
22%
This'll _____ up the place. Brighten
21%
Cold, mine to _____. Command
21%
_____ with the waves! Dance
21%
_____ is upon you. Judgement
21%
Get _____! Back
20%
Delve into _____! Destiny
20%
One with _____! Nature
20%
Come into _____! Being
19%
_____ incarnate! Cryo
19%
With all my _____! Strength
19%
_____, you're up! Yuegui
19%
_____, _____, go away! Pain Pain
18%
The _____ hurts! Truth
18%
Anemo Hypostasis _____! Emulation
17%
Dare to _____ _____ _____? Mess With Me
17%
It's _____!!! SHOWTIME
17%
_____ 'n' Splash! Sparks
17%
Cue the _____! Spotlight
17%
_____ the front! Storm
17%
You're _____! Toast
17%
A _____ _____ to swallow. Bitter Pill
16%
Grant us your _____! Blessing
16%
Commencing _____. Cleanup
16%
Hop to it, _____ _____! Man Chai
16%
_____ and stirred! Shaken
15%
_____ and floral. Fresh
14%
_____, pal. Sorry
14%
Lets _____ the deal! Sweeten
14%
Your _____ is...! Verdict
14%
Make way for the _____! Adeptus
13%
Press the _____! Advantage
13%
_____ of doom! Goldfish
13%
_____ out... Lights
13%
You might feel a _____ _____! Little Prick
13%
Your _____ is mine! Mora
13%
Don't _____ _____ now. Run Away
13%
This could get a little _____. Chilly
12%
_____ Special! Diona
12%
Hard-hitting _____! Exclusive
12%
Can't _____ me! Fool
12%
Feel this _____ _____. Ancient Power
11%
_____ _____ _____! From the Spina, with love. A Proper Sendoff
11%
Breaking new _____. Ground
11%
Sign here please~ _____! Meow
11%
Rest and _____! Rebuild
11%
_____ _____ my knowledge. Share in
11%
_____ on up! Step
11%
_____ wave! Tidal
11%
Glory to _____-_____! Al-Ahmar
10%
My will _____! Embodied
10%
_____ them down! Pin
10%
Truth _____ it's course. Repeats
10%
Be _____. Still
10%
Let's go, ______! Tamoto
10%
_____-______, help! Cuilein-Anbar
9%
Now, _____! Disappear
8%
Wrath of the _____! Flame
8%
Get in _____. Gear
8%
*_____* Howls
8%
Into the _____! Shadows
8%
Gimme some _____. Space
8%
I'll _____ you! Uproot
8%
Leave the _____ to me! Wounded
8%
Look _____! Alive
7%
Seems like an _____. Emergency
7%
_____, _____, go! Ready Steady
7%
______ ______, attack! Spirit Blade
7%
_____ this! Dodge
5%
Let's blow _____! Bubbles
4%
_____ that! Scratch
4%
_____ the skies! Seize
4%
_____ up! Buckle
3%
Let's _____! Roll
3%
_____ now. Quietly
2%
You stand _____. Condemned
1%
_____. Hmph
1%
Time for a _____ _____! Light Show
1%
Hah! ..._____... Phew
1%
Time to _____. Testify
1%
No matching quizzes found
Score Distribution
Percent of People with Each Score
Percentile by Number Answered
Your Score History
You have not taken this quiz